Your Real 'Friends' Quiz Stats

 Plays Quiz not verified by Sporcle

Challenge
Share
Tweet
Embed
Score 0/25 Timer 04:00
0 Plays Today
% Correct
The One with Chandler in a Box
96.6%
The One Where Ross Can't Flirt
96.3%
The One Where Old Yeller Dies
95.7%
The One Where Chandler Can't Cry
95.7%
The One with a Chick and a Duck
95.5%
The One Where Joey Speaks French
95.5%
The One Where Chandler Takes a Bath
95.3%
The One Where Phoebe Hates PBS
95.3%
The One with the Free Porn
94.2%
The One with Phoebe's Uterus
93.9%
The One with the Holiday Armadillo
93.9%
The One with Monica's Thunder
93.9%
The One Where Rachel Smokes
93.3%
% Correct
The One with the Fake Monica
92.2%
The One Where Ross Got High
91.4%
The One with George Stephanopoulos
90.9%
The One with Five Steaks and an Eggplant
90.3%
The One with the Jellyfish
89.9%
The One with the Stripper
88.6%
The One with the Yeti
88.5%
The One with the Boobies
85.3%
The One with the Fertility Test
84.2%
The One with the Butt
81.9%
The One with Joey's Dirty Day
80.3%
The One with the Stain
65.5%

You're not logged in!

Compare scores with friends on all Sporcle quizzes.
Join for Free
OR
Log In

You Might Also Like...

Show Comments

Extras

Top Quizzes Today


Score Distribution

Your Account Isn't Verified!

In order to create a playlist on Sporcle, you need to verify the email address you used during registration. Go to your Sporcle Settings to finish the process.

Report this User

Report this user for behavior that violates our Community Guidelines.

Details: